000 00623nam a2200277Ia 4500
005 20260401122202.0
008 008 250103s9999 xx 000 0 eng d
020 _a8170366801
037 _aTB
040 _aEDL
040 _beng
040 _cEDL
041 _2eng
041 _aeng
084 _a954.04 LOW
084 _qEDL
245 0 _aFreedom, Trauma, Continuities: Northern India and Independence
260 _aNew Delhi
260 _bSage Publications
260 _c1998
300 _a237p
942 _cTB
942 _h954.04 LOW
999 _c1845489
_d1845489